When the experts get it wrong (Record no. 76727)

MARC details
000 -LEADER
fixed length control field 01226cab a2200217 4500
001 - CONTROL NUMBER
control field ##L132969
008 - FIXED-LENGTH DATA ELEMENTS--GENERAL INFORMATION
fixed length control field 060328n2006 000 0 eng u
035 ## - SYSTEM CONTROL NUMBER
System control number (Sirsi) u132969
041 0# - LANGUAGE CODE
Language code of text/sound track or separate title eng
100 1# - MAIN ENTRY--PERSONAL NAME
Personal name Winter, Jeremy
245 00 - TITLE STATEMENT
Title When the experts get it wrong
260 ## - PUBLICATION, DISTRIBUTION, ETC.
Date of publication, distribution, etc. 2006
490 #0 - SERIES STATEMENT
Series statement Construction News
Volume/sequential designation (6959) 23 March 2006. 32(1)
520 ## - SUMMARY, ETC.
Summary, etc. It has been clear for some time that an expert witness cannot be sued by a client who loses a case because of what he perceives to be the expert's poor performance. The decision in "Meadow v General Medical Council" ([2006] EWHC 146 Admin, not reported) has now extended this immunity to prevent the bringing of disciplinary proceedings against an expert by their professional body. This has obvious implications for the construction industry. Advises that institutions thinking of changing their rules should await the outcome of an appeal in the case.
590 ## - LOCAL NOTE (RLIN)
Local note IKA280306
650 24 - SUBJECT ADDED ENTRY--TOPICAL TERM
Topical term or geographic name entry element MEADOW V GENERAL MEDICAL COUNCIL
650 24 - SUBJECT ADDED ENTRY--TOPICAL TERM
Topical term or geographic name entry element STANTON V CALLAGHAN
650 24 - SUBJECT ADDED ENTRY--TOPICAL TERM
Topical term or geographic name entry element PEARCE V OVE ARUP PARTNERSHIP LTD AND OTHERS
690 ## - LOCAL SUBJECT ADDED ENTRY--TOPICAL TERM (OCLC, RLIN)
Topical term or geographic name as entry element MANAGEMENT-DISPUTE AVOIDANCE, MANAGEMENT AND RESOLUTION-DISPUTE MANAGEMENT AND RESOLUTION-EXPERT WITNESSES
942 ## - ADDED ENTRY ELEMENTS (KOHA)
Suppress in OPAC 0
Holdings
Withdrawn status Lost status Source of classification or shelving scheme Damaged status Not for loan Home library Current library Shelving location Date acquired Total Checkouts Full call number Barcode Date last seen Copy number Price effective from Koha item type
    Dewey Decimal Classification     London London Journal article 28/03/2006   L132969 132969-1001 06/08/2019 1 06/08/2019 Journal article